Point of Contact/ (Record no. 3777)

MARC details
000 -LEADER
campo de control de longitud fija 01387nam a22004337a 4500
003 - IDENTIFICADOR DE NÚMERO DE CONTROL
campo de control OSt
005 - FECHA Y HORA DE LA ÚLTIMA TRANSACCIÓN
campo de control 20230531131722.0
008 - DATOS DE LONGITUD FIJA--INFORMACIÓN GENERAL
campo de control de longitud fija 221006b |||||||| |||| 00| 0 eng d
040 ## - FUENTE DE CATALOGACIÓN
Centro/agencia transcriptor Biblioteca Lado V
082 ## - NÚMERO DE LA CLASIFICACIÓN DECIMAL DEWEY
Número de clasificación 800
Número de ítem C974p
100 ## - ENTRADA PRINCIPAL--NOMBRE DE PERSONA
9 (RLIN) 837
Nombre de persona Cuperman, Pedro
Término indicativo de función/relación editor
245 ## - MENCIÓN DEL TÍTULO
Título Point of Contact/
260 ## - PUBLICACIÓN, DISTRIBUCIÓN, ETC.
Lugar de publicación, distribución, etc. New York
Nombre del editor, distribuidor, etc. Syracuse University
Fecha de publicación, distribución, etc. 2001
300 ## - DESCRIPCIÓN FÍSICA
Dimensiones 18x25cm
Extensión 100p.
366 ## - INFORMACIÓN SOBRE DISPONIBILIDAD COMERCIAL
Nota spa
490 ## - MENCIÓN DE SERIE
Mención de serie 2
Designación de volumen o secuencia 5
505 ## - NOTA DE CONTENIDO CON FORMATO
Nota de contenido con formato John Cage
505 ## - NOTA DE CONTENIDO CON FORMATO
Nota de contenido con formato The power of silence
505 ## - NOTA DE CONTENIDO CON FORMATO
Nota de contenido con formato The signs of silence
505 ## - NOTA DE CONTENIDO CON FORMATO
Nota de contenido con formato The Apple Monologues
505 ## - NOTA DE CONTENIDO CON FORMATO
Nota de contenido con formato A Conversation with Trisha Brown
505 ## - NOTA DE CONTENIDO CON FORMATO
Nota de contenido con formato Leading Dance
505 ## - NOTA DE CONTENIDO CON FORMATO
Nota de contenido con formato Poetry and Silence
505 ## - NOTA DE CONTENIDO CON FORMATO
Nota de contenido con formato Stills from 38 seconds, 2000
505 ## - NOTA DE CONTENIDO CON FORMATO
Nota de contenido con formato Silence
505 ## - NOTA DE CONTENIDO CON FORMATO
Nota de contenido con formato Once Upon a Time
505 ## - NOTA DE CONTENIDO CON FORMATO
Nota de contenido con formato A Conversation with Robert Ashley
505 ## - NOTA DE CONTENIDO CON FORMATO
Nota de contenido con formato Five Screens
505 ## - NOTA DE CONTENIDO CON FORMATO
Nota de contenido con formato Whither Silence? Withers
505 ## - NOTA DE CONTENIDO CON FORMATO
Nota de contenido con formato Contributors
650 ## - PUNTO DE ACCESO ADICIONAL DE MATERIA--TÉRMINO DE MATERIA
Fuente del encabezamiento o término Tesauro de Arte & Arquitectura
Término de materia o nombre geográfico como elemento de entrada ARTE
9 (RLIN) 703
650 ## - PUNTO DE ACCESO ADICIONAL DE MATERIA--TÉRMINO DE MATERIA
Fuente del encabezamiento o término Tesauro de Arte & Arquitectura
Término de materia o nombre geográfico como elemento de entrada LITERATURA
9 (RLIN) 702
650 ## - PUNTO DE ACCESO ADICIONAL DE MATERIA--TÉRMINO DE MATERIA
Fuente del encabezamiento o término Tesauro de Arte & Arquitectura
Término de materia o nombre geográfico como elemento de entrada CRITICA
650 ## - PUNTO DE ACCESO ADICIONAL DE MATERIA--TÉRMINO DE MATERIA
Fuente del encabezamiento o término Tesauro de Arte & Arquitectura
Término de materia o nombre geográfico como elemento de entrada PUBLICACION PERIODICA
650 ## - PUNTO DE ACCESO ADICIONAL DE MATERIA--TÉRMINO DE MATERIA
Fuente del encabezamiento o término Tesauro de Arte & Arquitectura
Término de materia o nombre geográfico como elemento de entrada ESPAÑOL
700 ## - ENTRADA AGREGADA--NOMBRE PERSONAL
Nombre de persona Oswaldo, "EL PHISICO"
Término indicativo de función/relación editor
700 ## - ENTRADA AGREGADA--NOMBRE PERSONAL
Nombre de persona Jose Francisco, "EL REBELDE"
Término indicativo de función/relación editor
942 ## - ELEMENTOS DE ENTRADA SECUNDARIOS (KOHA)
Fuente del sistema de clasificación o colocación Clasificación Decimal Dewey
Tipo de ítem Koha Libros
Parte de la signatura que corresponde a la clasificación (Parte de la clasificación) 800
Parte de la signatura que identifica el ejemplar (Parte del ítem) C974p
Suprimir en OPAC No
Holdings
Estatus retirado Estado de pérdida Fuente del sistema de clasificación o colocación Especificación de materiales (volumen encuadernado u otra parte) Estado de daño No para préstamo Colección Biblioteca de origen Biblioteca actual Fecha de adquisición Enumeración/cronología de publicación seriada Número de inventario Total de préstamos Signatura topográfica completa Código de barras Visto por última vez Precio de reemplazo Tipo de ítem Koha
    Clasificación Decimal Dewey 5     Revistas Biblioteca LadoV Biblioteca LadoV 31/05/2023 2 003448   800 C974p 003448 31/05/2023 31/05/2023 Libros